Language Quiz

Random Language or Spanish Quiz

Language Basics: Spanish Quiz Stats

Quiz Updated May 3, 2012

Challenge
Share
Tweet
Embed
Score 0/56 Timer 08:00
1 Play Today
English Spanish % Correct
Yes
98.7%
Nono
98%
Oneuno
97.7%
Twodos
97.2%
Threetres
97.2%
Hihola
96.5%
Fivecinco
93.6%
Eightocho
92.6%
Sixseis
90.1%
Ninenueve
89.6%
Sevensiete
89.4%
Spanish (Language)español
89.1%
Byeadiós
88.1%
Thanksgracias
88%
Goodbueno
86.8%
Fourcuatro
86.7%
How are you?¿Cómo estás?
86.6%
Whiteblanco
86.5%
Whatqué
84.9%
Tendiez
84.5%
Blacknegro
84.3%
Redrojo
83.8%
Pleasepor favor
83%
Blueazul
82.4%
My name is...Me llamo...
80.9%
Greenverde
80.5%
Biggrande
80%
Badmalo
79.9%
English Spanish % Correct
Sundaydomingo
78.7%
Mondaylunes
78.1%
Julyjulio
77.4%
Maymayo
77.1%
Saturdaysábado
76.4%
Wednesdaymiércoles
75.9%
Wheredónde
75.8%
Tuesdaymartes
75.1%
Aprilabril
75.1%
Whypor qué
73%
Septemberseptiembre
72.7%
Junejunio
71.9%
Novembernoviembre
71.7%
Zerocero
71.4%
Sorry!¡Lo siento!
70.8%
I don't knowNo sé
69.9%
Fridayviernes
67.7%
Marchmarzo
67.4%
Thursdayjueves
67.2%
Whoquién
66.8%
Octoberoctubre
66.5%
Smallpequeño
66.5%
I don't understandNo entiendo
66.1%
Whencuándo
65.8%
Februaryfebrero
65.7%
Januaryenero
65.6%
Augustagosto
61.4%
Decemberdiciembre
60.3%

You're not logged in!

Compare scores with friends on all Sporcle quizzes.
Join for Free
OR
Log In

You Might Also Like...

Show Comments

Extras

Top Quizzes Today


Score Distribution

Your Account Isn't Verified!

In order to create a playlist on Sporcle, you need to verify the email address you used during registration. Go to your Sporcle Settings to finish the process.

Report this User

Report this user for behavior that violates our Community Guidelines.

Details: